000 01100cam a22003254a 4500
999 _c10957
_d10957
001 12447957
003 OSt
005 20191221113657.0
008 010621s2002 nyua b 001 0 eng
010 _a 2001045233
020 _a8130902419
020 _a9788130902418
020 _a9788130922904
040 _aDLC
_cDLC
_dDLC
042 _apcc
050 0 0 _aHD75
_b.J66 2002
082 0 0 _a338.9
_221
_bJON/I
100 1 _aJones, Charles I.
_q(Charles Irving)
_9647
245 1 0 _aIntroduction to economic growth /
_cCharles I. Jones.
246 3 0 _aEconomic growth
250 _a2nd ed.
260 _aNew Delhi :
_bViva Books,
_c2009.
300 _axiv, 237 p. :
_bill. ;
_c25 cm.
504 _aIncludes bibliographical references (p. 221-226) and index.
650 0 _aEconomic development.
650 0 _aEconomic indicators.
906 _a7
_bcbc
_corignew
_d1
_eocip
_f20
_gy-gencatlg
942 _2ddc
_cBK
_h338.9
_iJON/I
_k338.9
_mJON/I